[Event "Olomouc Chess Summer 2010 - Valoz Cup"]
[Site "Olomouc (CZE), Hotel Sigma"]
[Date "2010.08.04"]
[Round "1"]
[White "Baron, Tal"]
[Black "Vovk, Yuri"]
[Result "1-0"]
[WhiteElo "2438"]
[BlackElo "2561"]
[PlyCount "59"]
[EventDate "2010.08.04"]

1. e4 c5 2. Nf3 e6 3. d4 cxd4 4. Nxd4 a6 5. Nc3 Qc7 6. Be2 b5 7. O-O Bb7 8. Re1
Nc6 9. Nxc6 dxc6 10. e5 Rd8 11. Bd3 c5 12. Qg4 h5 13. Qh3 c4 14. Be4 b4 15. Qf3
Rd7 16. Bxb7 Qxb7 17. Ne4 Be7 18. Bf4 Kf8 19. a3 bxa3 20. bxa3 Nh6 21. Rab1 Qc8
22. Qxh5 Bxa3 23. Re3 Be7 24. Rg3 Rd5 25. h3 Qe8 26. Nf6 Bxf6 27. exf6 g6 28.
Bxh6+ Kg8 29. Qh4 Qd8 30. Rb7 1-0

[Event "Olomouc Chess Summer 2010 - Valoz Cup"]
[Site "Olomouc (CZE), Hotel Sigma"]
[Date "2010.08.04"]
[Round "1"]
[White "Kanovsky, David"]
[Black "Voloshin, Leonid"]
[Result "1/2-1/2"]
[WhiteElo "2492"]
[BlackElo "2453"]
[PlyCount "91"]
[EventDate "2010.08.04"]

1. e4 c5 2. Nf3 e6 3. d4 cxd4 4. Nxd4 a6 5. Bd3 Bc5 6. Nb3 Ba7 7. Qe2 Ne7 8. c4
e5 9. Be3 Bxe3 10. Qxe3 d6 11. Nc3 O-O 12. O-O Be6 13. Rfd1 Qc7 14. Rac1 Nd7
15. Nd5 Bxd5 16. cxd5 Qd8 17. Rc3 b6 18. Rdc1 a5 19. Nd2 Nc5 20. b3 f5 21. f3
Qd7 22. a3 f4 23. Qe2 Nxd3 24. Qxd3 Rfc8 25. Nc4 b5 26. Nb2 Rxc3 27. Rxc3 Rc8
28. a4 bxa4 29. Nxa4 Kf7 30. Kf1 Qb7 31. Nb2 Qb4 32. Rxc8 Nxc8 33. Qc4 Qb7 34.
Ke2 Na7 35. Kd3 Qb6 36. Na4 Qe3+ 37. Kc2 Kg6 38. Kb2 Qf2+ 39. Qc2 Qd4+ 40. Qc3
Qf2+ 41. Qc2 Qd4+ 42. Qc3 Qf2+ 43. Qc2 Qg1 44. Qe2 Nc8 45. Qc2 Na7 46. Qe2
1/2-1/2

[Event "Olomouc Chess Summer 2010 - Valoz Cup"]
[Site "Olomouc (CZE), Hotel Sigma"]
[Date "2010.08.04"]
[Round "1"]
[White "Tuvshintugs, Batchimeg"]
[Black "Rojicek, Vojtech"]
[Result "0-1"]
[WhiteElo "2321"]
[BlackElo "2423"]
[PlyCount "76"]
[EventDate "2010.08.04"]

1. d4 Nf6 2. c4 e6 3. Nf3 d5 4. Nc3 Be7 5. Bg5 O-O 6. e3 h6 7. Bxf6 Bxf6 8. Qc2
c6 9. Rd1 Nd7 10. a3 Nb6 11. e4 Nxc4 12. Bxc4 dxc4 13. e5 Be7 14. Qe4 Rb8 15.
h4 b5 16. Rh3 a5 17. Rg3 f5 18. exf6 Bxf6 19. Qxc6 Qb6 20. Qxb6 Rxb6 21. Ne4
Be7 22. d5 exd5 23. Rxd5 Re6 24. Re5 Rxe5 25. Nxe5 Bxh4 26. Re3 Bf5 27. g3 Bd8
28. Nd6 Bb6 29. Rf3 Bc7 30. Nxf5 Re8 31. Ne3 Bxe5 32. a4 Bxb2 33. axb5 a4 34.
Kd1 a3 35. Nc2 Rd8+ 36. Ke1 a2 37. Rf4 Bc3+ 38. Kf1 Rd2 0-1

[Event "Olomouc Chess Summer 2010 - Valoz Cup"]
[Site "Olomouc (CZE), Hotel Sigma"]
[Date "2010.08.04"]
[Round "1"]
[White "Plat, Vojtech"]
[Black "Dobrowolski, Piotr"]
[Result "1-0"]
[WhiteElo "2405"]
[BlackElo "2397"]
[PlyCount "93"]
[EventDate "2010.08.04"]

1. e4 c5 2. Nf3 d6 3. c3 Nf6 4. Bc4 Nc6 5. Qe2 Bg4 6. d3 e6 7. Bg5 Be7 8. Nbd2
a6 9. Bb3 b5 10. h3 Bh5 11. g4 Bg6 12. Nh4 Nd7 13. Nxg6 hxg6 14. Be3 Nb6 15. f4
d5 16. Nf3 d4 17. cxd4 cxd4 18. Bd2 Rc8 19. Kf2 Nd7 20. Kg2 Nc5 21. Rhc1 Qb6
22. Bd1 a5 23. Be1 O-O 24. Bf2 Rcd8 25. Qd2 f5 26. Rxc5 Qxc5 27. Bb3 fxe4 28.
dxe4 Qb4 29. Qc2 Nb8 30. Be1 Qd6 31. f5 d3 32. Qd2 gxf5 33. gxf5 Nc6 34. Bxe6+
Kh7 35. Rd1 Qb4 36. Qe3 Qxb2+ 37. Rd2 Qf6 38. e5 Qh6 39. Qe4 Bb4 40. Qxc6 Bxd2
41. Bxd2 Qh5 42. Qe4 Kh8 43. Nh4 Rfe8 44. Ng6+ Kh7 45. Nf4 Qg5+ 46. Kf1 g6 47.
f6 1-0

[Event "Olomouc Chess Summer 2010 - Prima Pack C"]
[Site "Olomouc (CZE), Hotel Sigma"]
[Date "2010.08.04"]
[Round "1"]
[White "Vokac, Marek"]
[Black "Krejci, Jan"]
[Result "1/2-1/2"]
[WhiteElo "2458"]
[BlackElo "2463"]
[PlyCount "21"]
[EventDate "2010.08.04"]

1. g3 e5 2. Bg2 d5 3. d3 Nf6 4. Nf3 Nc6 5. O-O Be7 6. c3 O-O 7. b4 a6 8. a3 Re8
9. Nbd2 e4 10. dxe4 Nxe4 11. Nxe4 1/2-1/2

[Event "Olomouc Chess Summer 2010 - Prima Pack C"]
[Site "Olomouc (CZE), Hotel Sigma"]
[Date "2010.08.04"]
[Round "1"]
[White "Payen, Arnaud"]
[Black "Krupa, Monika"]
[Result "1-0"]
[WhiteElo "2372"]
[BlackElo "2214"]
[PlyCount "77"]
[EventDate "2010.08.04"]

1. d4 Nf6 2. Nf3 c5 3. e3 e6 4. Bd3 Nc6 5. O-O b6 6. c4 Bb7 7. b3 cxd4 8. exd4
d5 9. Bb2 Be7 10. Re1 Rc8 11. Nbd2 O-O 12. Rc1 Bb4 13. Re3 Ng4 14. Re2 dxc4 15.
bxc4 Bxd2 16. Qxd2 Na5 17. Qf4 Nf6 18. Ne5 Nc6 19. Nxc6 Rxc6 20. Re3 Qc7 21.
Qh4 h6 22. Rg3 Kh8 23. c5 a6 24. Re1 Nd5 25. Bc1 e5 26. dxe5 Re6 27. Qg4 f5 28.
cxb6 Rxe5 29. Qd1 Nxb6 30. Bb2 Nd7 31. Bxe5 Nxe5 32. Qc2 Qa5 33. Rge3 Nxd3 34.
Qxd3 Qxa2 35. Re8 Qf7 36. Qd8 Rxe8 37. Rxe8+ Kh7 38. Rh8+ Kg6 39. Qe8 1-0

[Event "Olomouc Chess Summer 2010 - Prima Pack C"]
[Site "Olomouc (CZE), Hotel Sigma"]
[Date "2010.08.04"]
[Round "1"]
[White "Talla, Vladimir"]
[Black "Semcesen, Daniel"]
[Result "1-0"]
[WhiteElo "2476"]
[BlackElo "2420"]
[PlyCount "113"]
[EventDate "2010.08.04"]

1. e4 e5 2. Nf3 Nc6 3. Bb5 Nf6 4. d3 Bc5 5. c3 d6 6. O-O O-O 7. h3 a6 8. Ba4
Ba7 9. Bg5 h6 10. Bh4 g5 11. Nxg5 hxg5 12. Bxg5 Kg7 13. Kh1 Ne7 14. f4 exf4 15.
Bxf4 Be6 16. Nd2 Rh8 17. d4 Nh5 18. Bh2 Ng6 19. Qf3 Qe7 20. Rf2 Raf8 21. Bc2
Qg5 22. Raf1 Ne5 23. dxe5 dxe5 24. Re2 Rd8 25. Bb3 Rhf8 26. Nc4 Nf4 27. Bxf4
exf4 28. Qxf4 Qxf4 29. Rxf4 c5 30. Rf1 b5 31. Ne5 c4 32. Bc2 Rd6 33. g4 Rfd8
34. Nf3 a5 35. a3 Bc5 36. Kg2 Rb6 37. e5 b4 38. axb4 axb4 39. Ng5 bxc3 40. bxc3
Re8 41. Be4 Rd8 42. Kg3 Rb3 43. Rf3 Rd1 44. Nxe6+ fxe6 45. h4 Rg1+ 46. Rg2 Re1
47. Bc2 Ra3 48. g5 Rxe5 49. Kg4 Be3 50. Kh5 Rxc3 51. Bg6 Ra5 52. Rb2 Ra8 53.
Rb7+ Kg8 54. Bf7+ Kh8 55. Bxe6 Re8 56. g6 Rxe6 57. Rf8# 1-0

[Event "Olomouc Chess Summer 2010 - Prima Pack C"]
[Site "Olomouc (CZE), Hotel Sigma"]
[Date "2010.08.04"]
[Round "1"]
[White "Chernyshov, Konstantin"]
[Black "Adhiban, B."]
[Result "0-1"]
[WhiteElo "2578"]
[BlackElo "2483"]
[PlyCount "84"]
[EventDate "2010.08.04"]

1. d4 Nf6 2. Bg5 e6 3. e4 h6 4. Bxf6 Qxf6 5. Nf3 d6 6. Nc3 Nd7 7. Qd2 a6 8.
O-O-O Qd8 9. Bd3 c5 10. dxc5 Nxc5 11. e5 d5 12. Ne2 b5 13. Ned4 Bb7 14. h4 Qc7
15. Kb1 O-O-O 16. Nb3 Ne4 17. Bxe4 dxe4 18. Qxd8+ Qxd8 19. Rxd8+ Kxd8 20. Nfd4
Rg8 21. g4 g5 22. h5 Kc7 23. f3 Bg7 24. fxe4 Bxe5 25. Rf1 Bxe4 26. Rxf7+ Kd6
27. Kc1 Rg7 28. Rf8 Rc7 29. Kd2 Ke7 30. Rg8 Kf7 31. Rd8 Bf4+ 32. Ke2 e5 33. Nf5
Rxc2+ 34. Kd1 Bxf5 35. gxf5 Rc6 36. Na5 Rc1+ 37. Ke2 g4 38. Nb3 Rc2+ 39. Kd1
Rh2 40. Nc5 g3 41. Ne4 g2 42. Rd7+ Kf8 0-1

[Event "Olomouc Chess Summer 2010 - Proclient Cu"]
[Site "Olomouc (CZE), Hotel Sigma"]
[Date "2010.08.04"]
[Round "1"]
[White "Batchuluun, Tsegmed"]
[Black "Pisk, Petr"]
[Result "1-0"]
[WhiteElo "2388"]
[BlackElo "2337"]
[PlyCount "61"]
[EventDate "2010.08.04"]

1. d4 d5 2. c4 e6 3. Nf3 c5 4. cxd5 exd5 5. g3 Nc6 6. Bg2 Nf6 7. O-O Be7 8. Nc3
O-O 9. Bg5 cxd4 10. Nxd4 h6 11. Be3 Bg4 12. h3 Be6 13. Rc1 Qd7 14. Kh2 Ne5 15.
Bf4 Ng6 16. Bd2 h5 17. f4 h4 18. g4 Qd6 19. e3 Bd7 20. Qb3 Bc6 21. g5 Ne4 22.
Nxe4 dxe4 23. Nxc6 bxc6 24. Bc3 Rab8 25. Qc4 Bxg5 26. Rcd1 Qc7 27. Bxe4 Kh8 28.
Bxg6 fxg6 29. Be5 Qe7 30. Bxb8 Qxe3 31. Qd3 1-0

[Event "Olomouc Chess Summer 2010 - Proclient Cu"]
[Site "Olomouc (CZE), Hotel Sigma"]
[Date "2010.08.04"]
[Round "1"]
[White "Raznikov, Danny"]
[Black "Warakomski, Tomasz"]
[Result "1/2-1/2"]
[WhiteElo "2326"]
[BlackElo "2495"]
[PlyCount "68"]
[EventDate "2010.08.04"]

1. d4 g6 2. Nf3 Bg7 3. c4 d6 4. Nc3 Bg4 5. e3 Nd7 6. Be2 e5 7. h3 Bxf3 8. Bxf3
Rb8 9. g4 Ne7 10. d5 Bh6 11. h4 f5 12. g5 Bg7 13. e4 h6 14. Rg1 hxg5 15. hxg5
Nc5 16. Be3 Qd7 17. Qc2 Kf7 18. O-O-O Rh3 19. Bg2 Rh2 20. Bxc5 dxc5 21. d6 cxd6
22. Nb5 Nc8 23. exf5 gxf5 24. Bd5+ Kg6 25. Rh1 Rxh1 26. Rxh1 Ne7 27. Qd1 Rh8
28. Rxh8 Bxh8 29. Nxd6 Nxd5 30. Qxd5 b6 31. f3 Bg7 32. b3 Bf8 33. Qg8+ Bg7 34.
Qd5 Bf8 1/2-1/2

[Event "Olomouc Chess Summer 2010 - Proclient Cu"]
[Site "Olomouc (CZE), Hotel Sigma"]
[Date "2010.08.04"]
[Round "1"]
[White "Petr, Martin"]
[Black "Vovk, Andrey"]
[Result "0-1"]
[WhiteElo "2511"]
[BlackElo "2522"]
[PlyCount "140"]
[EventDate "2010.08.04"]

1. e4 c5 2. Nf3 e6 3. d4 cxd4 4. Nxd4 a6 5. Bd3 Bc5 6. Nb3 Ba7 7. Qe2 d6 8. c4
Nc6 9. Be3 e5 10. Bxa7 Rxa7 11. Nc3 Be6 12. O-O Nf6 13. Rad1 O-O 14. Qe3 Qb8
15. Rd2 Rc8 16. Nd5 Nd7 17. Nb6 Nxb6 18. Qxb6 a5 19. Rfd1 Ra6 20. Qe3 Nb4 21.
Bf1 a4 22. Nc1 Bxc4 23. Qa3 Bxf1 24. Qxb4 Bc4 25. Rxd6 Rxd6 26. Rxd6 Bd5 27.
Ne2 Bxe4 28. Nc3 Bc6 29. Rd1 Rd8 30. Re1 Rd4 31. Qe7 f6 32. Qe6+ Kh8 33. Rc1
Qd8 34. h3 g6 35. Qf7 Rd7 36. Qc4 Kg7 37. Rc2 Rd4 38. Qe2 h5 39. a3 Qd7 40. f3
Qf5 41. Qf2 Qf4 42. Re2 Rd3 43. Qe1 Rd4 44. Kh1 h4 45. Re3 Qf5 46. Kg1 Qd7 47.
Kh2 Rd2 48. Re2 Rxe2 49. Qxe2 Qd4 50. Kh1 f5 51. Kh2 Kf6 52. Kh1 g5 53. Kh2
Qf4+ 54. Kg1 g4 55. hxg4 fxg4 56. fxg4 Kg5 57. Nd1 Qg3 58. Kf1 Qxg4 59. Qxe5+
Qf5+ 60. Qxf5+ Kxf5 61. Ke2 Kf4 62. Ne3 Bb5+ 63. Kd2 Ke4 64. Nd1 Kf4 65. Ne3
Bd7 66. Nf1 Bc6 67. Ne3 Be4 68. Ke2 Kg3 69. Kf1 Bxg2+ 70. Nxg2 h3 0-1

[Event "Olomouc Chess Summer 2010 - Winsoft Comp"]
[Site "Olomouc (CZE), Hotel Sigma"]
[Date "2010.08.04"]
[Round "1"]
[White "Antipov, Mikhail Al"]
[Black "Kireev, Aleksei"]
[Result "1/2-1/2"]
[WhiteElo "2238"]
[BlackElo "2355"]
[PlyCount "99"]
[EventDate "2010.08.04"]

1. e4 d6 2. d4 e5 3. Nf3 exd4 4. Nxd4 Nf6 5. Nc3 Be7 6. Be2 O-O 7. O-O Re8 8.
f4 Bf8 9. Bf3 a6 10. h3 c5 11. Nde2 Nc6 12. Kh1 Qc7 13. b3 b5 14. Bb2 Bb7 15.
Nd5 Nxd5 16. exd5 Ne7 17. Ng3 Bc8 18. Bg4 f5 19. Bf3 g6 20. c4 Bg7 21. Qd2 Bd7
22. Rfe1 Bxb2 23. Qxb2 Kf7 24. Re2 Ng8 25. Re6 Bxe6 26. dxe6+ Kf8 27. Bxa8 Rxa8
28. Nf1 Re8 29. Re1 Qg7 30. Qd2 Qd4 31. Qxd4 cxd4 32. Nd2 Nf6 33. Nf3 d3 34.
cxb5 Ne4 35. Kg1 axb5 36. Rd1 d2 37. Nxd2 Nc3 38. Re1 Nxa2 39. Nf3 Nc3 40. Nd4
Ra8 41. e7+ Kf7 42. Ne6 Re8 43. Nd8+ Kg7 44. Re6 Ne4 45. Nb7 d5 46. Nd6 Nxd6
47. Rxd6 Rxe7 48. Rxd5 Re4 49. Rxb5 Rxf4 50. Rb7+ 1/2-1/2

[Event "Olomouc Chess Summer 2010 - Winsoft Comp"]
[Site "Olomouc (CZE), Hotel Sigma"]
[Date "2010.08.04"]
[Round "1"]
[White "Stachowiak, Kamil"]
[Black "Dukaczewski, Piotr"]
[Result "1-0"]
[WhiteElo "2404"]
[BlackElo "2319"]
[PlyCount "57"]
[EventDate "2010.08.04"]

1. d4 d5 2. Nf3 Nf6 3. c4 dxc4 4. Nc3 a6 5. a4 c5 6. e3 e6 7. Bxc4 Nc6 8. O-O
Be7 9. Qe2 O-O 10. Rd1 Qc7 11. h3 b6 12. dxc5 Bxc5 13. e4 Bb7 14. e5 Nd7 15.
Bf4 Na5 16. Bd3 Nf6 17. Ng5 h6 18. Nge4 Nxe4 19. Nxe4 f5 20. Nxc5 Qxc5 21. Rac1
Qb4 22. Bd2 Qxa4 23. Bxa5 Qxa5 24. Bc4 Rfe8 25. Rd6 Kh8 26. Bxe6 Bxg2 27. Kxg2
Ra7 28. Rd5 Qa2 29. Rd7 1-0

[Event "Olomouc Chess Summer 2010 - Winsoft Comp"]
[Site "Olomouc (CZE), Hotel Sigma"]
[Date "2010.08.04"]
[Round "1"]
[White "Luch, Michal"]
[Black "Kolosowski, Mateusz"]
[Result "1/2-1/2"]
[WhiteElo "2387"]
[BlackElo "2308"]
[PlyCount "181"]
[EventDate "2010.08.04"]

1. d4 Nf6 2. c4 g6 3. g3 Bg7 4. Bg2 d5 5. cxd5 Nxd5 6. e4 Nb6 7. Ne2 e5 8. d5
O-O 9. O-O c6 10. Nbc3 cxd5 11. exd5 Nc4 12. b3 Nd6 13. a4 f5 14. Ba3 a6 15. a5
Qf6 16. Rc1 Nd7 17. Qd2 Re8 18. Rc2 h5 19. Na4 h4 20. Bb2 g5 21. f4 gxf4 22.
Nxf4 hxg3 23. hxg3 Bh6 24. Qf2 Ne4 25. Bxe4 fxe4 26. Qe1 Rf8 27. Qxe4 Qg5 28.
Qg6+ Qxg6 29. Nxg6 Rxf1+ 30. Kxf1 Kf7 31. Nh4 Nf6 32. Rc7+ Ke8 33. d6 Bh3+ 34.
Ke1 Nd7 35. Nb6 Rd8 36. Nc4 Be6 37. Rxb7 Rc8 38. Nxe5 Rc2 39. Bd4 Bd2+ 40. Kd1
Ra2 41. Nhf3 Bxa5 42. Nxd7 Bxd7 43. Ne5 Rd2+ 44. Kc1 Rxd4 45. Rxd7 Bb4 46. Re7+
Kf8 47. Rf7+ Kg8 48. d7 Bd2+ 49. Kc2 Ba5 50. Re7 Bc7 51. Re8+ Kg7 52. Rc8 Kf6
53. Rxc7 Kxe5 54. Kc3 Rd1 55. Kb4 Ke6 56. Kc5 Ke7 57. Rb7 Rd3 58. g4 a5 59. g5
Rc3+ 60. Kd5 Rg3 61. Kc6 Rc3+ 62. Kd5 Rg3 63. Rb5 Kxd7 64. Ke4 Ke6 65. Rb6+ Kf7
66. Kf5 Rf3+ 67. Kg4 Rc3 68. Kf5 Rc5+ 69. Kf4 a4 70. b4 Rc1 71. b5 a3 72. Rb7+
Kg6 73. Rb6+ Kg7 74. Ra6 Rc4+ 75. Ke3 Rb4 76. b6 a2 77. Rxa2 Rxb6 78. Kf4 Rb4+
79. Kf5 Rb5+ 80. Kg4 Rb7 81. Kh5 Rc7 82. Ra6 Rb7 83. Rg6+ Kh7 84. Rc6 Kg7 85.
Re6 Ra7 86. Kg4 Ra4+ 87. Kf5 Ra5+ 88. Re5 Rxe5+ 89. Kxe5 Kg6 90. Kd4 Kf5 91. g6
1/2-1/2

[Event "Olomouc Chess Summer 2010 - Winsoft Comp"]
[Site "Olomouc (CZE), Hotel Sigma"]
[Date "2010.08.04"]
[Round "1"]
[White "Aranaz Murillo, Amalia"]
[Black "Mikhailov, Viacheslav"]
[Result "0-1"]
[WhiteElo "2190"]
[BlackElo "2139"]
[PlyCount "62"]
[EventDate "2010.08.04"]

1. Nf3 d5 2. d4 c6 3. c4 Nf6 4. Qc2 e6 5. g3 Bb4+ 6. Bd2 Be7 7. Bg2 O-O 8. O-O
b6 9. Bf4 Bb7 10. cxd5 cxd5 11. Nc3 Nc6 12. a3 Rc8 13. Rfc1 h6 14. b4 Bd6 15.
Bxd6 Qxd6 16. Qb3 Ba6 17. b5 Na5 18. Qa4 Bb7 19. Na2 Rc4 20. Rxc4 dxc4 21. e3
Rc8 22. Rc1 Bxf3 23. Bxf3 e5 24. dxe5 Qxe5 25. Nb4 Rc5 26. Nc6 Qb2 27. Rc2 Qb3
28. Qxb3 cxb3 29. Rb2 Rc2 30. Nxa5 Rxb2 31. Nc4 Rc2 0-1

[Event "Olomouc Chess Summer 2010 - Winsoft Comp"]
[Site "Olomouc (CZE), Hotel Sigma"]
[Date "2010.08.04"]
[Round "1"]
[White "Aharon, Ofir"]
[Black "Sluka, Radek"]
[Result "1/2-1/2"]
[WhiteElo "2199"]
[BlackElo "2282"]
[PlyCount "35"]
[EventDate "2010.08.04"]

1. e4 d5 2. exd5 Nf6 3. d4 Nxd5 4. Nf3 g6 5. c4 Nb6 6. Nc3 Bg7 7. c5 Nd5 8. Bc4
c6 9. Qb3 O-O 10. O-O e6 11. Bg5 Qc7 12. Rfe1 b6 13. Bxd5 cxd5 14. Nb5 Qb7 15.
Nd6 Qc7 16. Nb5 Qb7 17. Nd6 Qc7 18. Nb5 1/2-1/2

[Event "Olomouc Chess Summer 2010 - Ceska pojist"]
[Site "Olomouc (CZE), Hotel Sigma"]
[Date "2010.08.04"]
[Round "1"]
[White "Gasik, Anna"]
[Black "Bures, Jaroslav"]
[Result "0-1"]
[WhiteElo "2168"]
[BlackElo "2332"]
[PlyCount "44"]
[EventDate "2010.08.04"]

1. e4 c6 2. d4 d5 3. e5 Bf5 4. Nc3 e6 5. g4 Bg6 6. Nge2 f6 7. Nf4 fxe5 8. Nxe6
Qe7 9. Nxf8 exd4+ 10. Be2 dxc3 11. Nxg6 hxg6 12. Qd3 Nf6 13. bxc3 Ne4 14. Be3
Nd7 15. Rb1 Ne5 16. Qd4 O-O 17. Kd1 Rad8 18. Qb4 c5 19. Qxb7 Nxc3+ 20. Ke1 Rd7
21. Qb2 d4 22. Qb3+ Nf7 0-1

[Event "Olomouc Chess Summer 2010 - Ceska pojist"]
[Site "Olomouc (CZE), Hotel Sigma"]
[Date "2010.08.04"]
[Round "1"]
[White "Butkiewicz, Lukasz"]
[Black "Havlikova, Kristyna"]
[Result "1/2-1/2"]
[WhiteElo "2375"]
[BlackElo "2299"]
[PlyCount "101"]
[EventDate "2010.08.04"]

1. e4 c5 2. Nf3 Nc6 3. d4 cxd4 4. Nxd4 g6 5. Nc3 Bg7 6. Be3 Nf6 7. Bc4 O-O 8.
Bb3 d6 9. f3 Bd7 10. Qd2 Nxd4 11. Bxd4 b5 12. O-O a5 13. a4 bxa4 14. Bxa4 Bxa4
15. Rxa4 Nd7 16. Bxg7 Kxg7 17. Qd4+ Kg8 18. Rfa1 Ne5 19. Qe3 Rb8 20. b3 Nc6 21.
f4 Rb4 22. Nd5 Rxa4 23. Rxa4 e6 24. Nb6 Qc7 25. Rc4 Rb8 26. Na4 Rb4 27. Rxb4
Nxb4 28. c3 Na6 29. e5 dxe5 30. fxe5 Qd8 31. Nb2 Qd5 32. c4 Qc5 33. Kf2 Qxe3+
34. Kxe3 Nc5 35. Na4 Nxb3 36. c5 Kf8 37. Kd3 Ke7 38. Kc4 Nd2+ 39. Kb5 Kd7 40.
c6+ Kc7 41. Nc5 Kc8 42. Nb7 a4 43. Kxa4 Kc7 44. Kb5 Nb3 45. Nd6 Nd4+ 46. Kc5
Nxc6 47. Nxf7 Kd7 48. h4 Ke7 49. g3 Kd7 50. g4 Ne7 51. Ng5 1/2-1/2

[Event "Olomouc Chess Summer 2010 - Ceska pojist"]
[Site "Olomouc (CZE), Hotel Sigma"]
[Date "2010.08.04"]
[Round "1"]
[White "Volodin, Viktor"]
[Black "Van Den Dikkenberg, Erik"]
[Result "1/2-1/2"]
[WhiteElo "2222"]
[BlackElo "2139"]
[PlyCount "24"]
[EventDate "2010.08.04"]

1. Nf3 f5 2. c4 Nf6 3. g3 Nc6 4. d4 e6 5. Bg2 Bb4+ 6. Bd2 Qe7 7. O-O Bxd2 8.
Nbxd2 d6 9. Re1 O-O 10. e4 e5 11. dxe5 dxe5 12. exf5 Bxf5 1/2-1/2

[Event "Olomouc Chess Summer 2010 - Ceska pojist"]
[Site "Olomouc (CZE), Hotel Sigma"]
[Date "2010.08.04"]
[Round "1"]
[White "Drozdowski, Kacper"]
[Black "Musaev, Rasul"]
[Result "1-0"]
[WhiteElo "2223"]
[BlackElo "2181"]
[PlyCount "91"]
[EventDate "2010.08.04"]

1. e4 c5 2. Nf3 Nc6 3. d4 cxd4 4. Nxd4 Nf6 5. Nc3 e5 6. Ndb5 d6 7. Be3 a6 8.
Na3 b5 9. Nd5 Rb8 10. Nxf6+ Qxf6 11. c4 b4 12. Nc2 Be7 13. b3 O-O 14. Bd3 Qg6
15. O-O Bg5 16. Qd2 Bxe3 17. Qxe3 a5 18. Rad1 Nd8 19. Be2 Nb7 20. f4 exf4 21.
Qxf4 Bd7 22. Rd5 Rbe8 23. Bf3 Bc6 24. Rf5 Qh6 25. Qxh6 gxh6 26. Re1 Nc5 27. Rf4
Kg7 28. Ne3 Bd7 29. Rd1 a4 30. bxa4 Ra8 31. Rxd6 Rxa4 32. Rd2 Rfa8 33. Nf5+
Bxf5 34. Rxf5 Ne6 35. Rd7 Nd8 36. e5 R4a7 37. e6 Rxd7 38. exd7 Rxa2 39. c5 b3
40. c6 b2 41. Rb5 Ne6 42. Be4 Ra1+ 43. Kf2 Rc1 44. Rxb2 Kf6 45. Rb8 Ke5 46. Re8
1-0

[Event "Olomouc Chess Summer 2010 - Ave-Kontakt "]
[Site "Olomouc (CZE), Hotel Sigma"]
[Date "2010.08.04"]
[Round "1"]
[White "Brodowski, Piotr"]
[Black "Chernyshova, Natalia"]
[Result "1-0"]
[WhiteElo "2421"]
[BlackElo "2019"]
[PlyCount "31"]
[EventDate "2010.08.04"]

1. c4 b6 2. Nc3 e6 3. e4 Bb7 4. Nge2 Ne7 5. g3 d5 6. exd5 exd5 7. Bg2 Bc6 8.
cxd5 Bb7 9. O-O Nc8 10. Nd4 Be7 11. Nf5 O-O 12. d4 Bf6 13. Bf4 a6 14. Ne4 c6
15. Bc7 Qxc7 16. Nxf6+ 1-0

[Event "Olomouc Chess Summer 2010 - Ave-Kontakt "]
[Site "Olomouc (CZE), Hotel Sigma"]
[Date "2010.08.04"]
[Round "1"]
[White "Yanjindulam, Dulamsuren"]
[Black "Chetverik, Maxim"]
[Result "1-0"]
[WhiteElo "2224"]
[BlackElo "2330"]
[PlyCount "83"]
[EventDate "2010.08.04"]

1. e4 Nf6 2. Nc3 d5 3. exd5 Nxd5 4. Bc4 Nb6 5. Bb3 c5 6. Qh5 c4 7. Bxc4 Nxc4 8.
Qb5+ Bd7 9. Qxc4 Bc6 10. Nf3 Bxf3 11. gxf3 Nc6 12. Ne2 e5 13. d3 Rc8 14. Qe4
Be7 15. c3 O-O 16. Ng3 g6 17. Bh6 Re8 18. h4 Qb6 19. Qe2 Qa5 20. Kf1 Rcd8 21.
a3 Rd7 22. Rd1 Qd8 23. h5 g5 24. Rg1 Kh8 25. Nf5 Rg8 26. Qe3 Bf6 27. Qe4 Ne7
28. Nxe7 Qxe7 29. Rg4 Qe6 30. Qe3 Bd8 31. Bxg5 f6 32. Bh6 Rxg4 33. fxg4 Qxg4
34. Qe2 Qh3+ 35. Ke1 Bb6 36. d4 Rd8 37. Kd2 exd4 38. Kc1 Qf5 39. Rg1 d3 40.
Bg7+ Kg8 41. Bxf6+ Qg6 42. Rxg6+ 1-0

[Event "Olomouc Chess Summer 2010 - Ave-Kontakt "]
[Site "Olomouc (CZE), Hotel Sigma"]
[Date "2010.08.04"]
[Round "1"]
[White "Matuszewski, Michal"]
[Black "Biolek, Richard"]
[Result "1/2-1/2"]
[WhiteElo "2317"]
[BlackElo "2441"]
[PlyCount "60"]
[EventDate "2010.08.04"]

1. d4 d6 2. Nf3 Bg4 3. e4 Nf6 4. Nc3 e6 5. Be2 Be7 6. O-O O-O 7. Be3 c6 8. h3
Bh5 9. a4 d5 10. e5 Nfd7 11. Nh2 Bg6 12. f4 c5 13. Nxd5 exd5 14. f5 cxd4 15.
Qxd4 Bc5 16. Qf4 Bxe3+ 17. Qxe3 Nxe5 18. Qxe5 Re8 19. Qc3 Rxe2 20. fxg6 hxg6
21. Rxf7 Kxf7 22. Qf3+ Kg8 23. Qxe2 Qb6+ 24. Kh1 Nd7 25. Nf3 Nf6 26. Ng5 Re8
27. Qd3 Qf2 28. Qxg6 Re1+ 29. Rxe1 Qxe1+ 30. Kh2 Qe5+ 1/2-1/2

[Event "Olomouc Chess Summer 2010 - Ave-Kontakt "]
[Site "Olomouc (CZE), Hotel Sigma"]
[Date "2010.08.04"]
[Round "1"]
[White "Chlost, Marlena"]
[Black "Jurek, Josef"]
[Result "0-1"]
[WhiteElo "2163"]
[BlackElo "2352"]
[PlyCount "57"]
[EventDate "2010.08.04"]

1. e4 e6 2. d4 d5 3. Nc3 Bb4 4. e5 c5 5. a3 Bxc3+ 6. bxc3 Ne7 7. h4 Qc7 8. h5
h6 9. Qg4 cxd4 10. Ne2 Qxe5 11. Bf4 Qf6 12. cxd4 Nbc6 13. Rd1 Nf5 14. c3 e5 15.
Bxe5 Nxe5 16. dxe5 Qxe5 17. Qb4 Ne7 18. Rd3 Qc7 19. Re3 Be6 20. Nd4 O-O 21.
Nxe6 fxe6 22. Rxe6 Nc6 23. Qc5 Qf7 24. Re2 Qf5 25. Rd2 Rae8+ 26. Re2 Qb1+ 27.
Kd2 Rxe2+ 28. Kxe2 Qc2+ 29. Ke3 0-1

[Event "Olomouc Chess Summer 2010 - Ave-Kontakt "]
[Site "Olomouc (CZE), Hotel Sigma"]
[Date "2010.08.04"]
[Round "1"]
[White "Mukashev, Assan"]
[Black "Vrana, Jan"]
[Result "0-1"]
[WhiteElo "2116"]
[BlackElo "2346"]
[PlyCount "60"]
[EventDate "2010.08.04"]

1. d4 d5 2. c4 e6 3. g3 Nf6 4. Bg2 dxc4 5. Nf3 Nc6 6. Qa4 Nd7 7. Qxc4 Nb6 8.
Qd3 e5 9. Nxe5 Nb4 10. Qc3 Qxd4 11. O-O Qxc3 12. Nxc3 Bd6 13. Nf3 c6 14. Ne4
Bc7 15. Bd2 N4d5 16. Ba5 O-O 17. Nc5 Bd6 18. Rac1 Re8 19. Rfe1 f5 20. e3 Be7
21. e4 fxe4 22. Rxe4 Nf6 23. Re2 Nbd5 24. Ne4 Bf5 25. Nc3 Bb4 26. Nxd5 Nxd5 27.
Nd4 Rxe2 28. Bxd5+ cxd5 29. Bxb4 Rxb2 30. Bc3 Rb1 0-1